A WAYNE IN A MANGET (Record no. 6428)
[ view plain ]
| 000 -LEADER | |
|---|---|
| fixed length control field | 00561nam a22001337a 4500 |
| 020 ## - INTERNATIONAL STANDARD BOOK NUMBER | |
| ISBN | 0-141-02688-6 |
| 082 ## - DEWEY DECIMAL CLASSIFICATION NUMBER | |
| Classification number | 823 |
| Item number | PHI/W |
| 100 ## - MAIN ENTRY--AUTHOR NAME | |
| Personal name | PHINN, CERVASE |
| 245 ## - TITLE STATEMENT | |
| Title | A WAYNE IN A MANGET |
| 260 ## - PUBLICATION, DISTRIBUTION, ETC. (IMPRINT) | |
| Place of publication | NEW DELHI |
| Name of publisher | PENGUIN GROUP |
| Year of publication | 2006 |
| 300 ## - PHYSICAL DESCRIPTION | |
| Number of Pages | 144 |
| 520 ## - SUMMARY, ETC. | |
| Summary, etc | A Wayne in a Manger is the hilarious compilation of nativity stories by Gervase Phinn. Discover some wonderfully funny and touching nativity play anecdotes, including children forgetting their lines, ad-libbing, falling of the stage, picking their noses and showing their knickers. |
| 942 ## - ADDED ENTRY ELEMENTS (KOHA) | |
| Koha item type | Books |
| Withdrawn status | Lost status | Collection code | Home library | Current library | Shelving location | Date acquired | Source of acquisition | Full call number | Accession Number | Koha item type |
|---|---|---|---|---|---|---|---|---|---|---|
| Fiction | Main Library | Main Library | SHELF 15-K-CHILDREN'S STORYBOOKS | 30/01/2019 | Purchase | 823 PHI/W | 10880 | Books |